000 01346nab a2200217 i 4500
001 170403
003 ES-MaACL
005 20251017063112.0
008 090304m18861887sp 000 s spa d
100 _aFernández San Román, Eduardo,
_cMarqués de San Román,
_d1818-1887
_9227092
245 1 0 _aEl duque de Bailén - El ejército español en 1808 - Historia militar de la Guerra de La Independencia - Sus consecuencias para la organización militar de España : 2ª conferencia [del ciclo "La España del siglo XIX", Ateneo Científico, Literario y Artístico de Madrid] /
_corador, el teniente general marqués de San Román.
600 1 4 _aCastaños, Francisco Javier,
_d1758-1852
_9157491
610 2 4 _aAteneo de Madrid-
_vConferencias-
_yS.XIX.
_91910
610 2 4 _aAteneo de Madrid-
_vObras digitalizadas.
_91930
651 4 _aEspaña-
_xHistoria-
_y1808-1814, Guerra de la Independencia
_98244
773 0 _t La España del siglo XIX : colección de conferencias históricas celebradas durante el curso de 1885-86 [y curso de 1886-87],
_dMadrid : Librería de Don Antonio San Martín, 1886-1887,
_gT.1, p. 41-79
_082158
_985194
_w82158
856 4 _uhttp://www.ateneodemadrid.com/biblioteca_digital/folletos/Folletos-0092.pdf
_zVer documento
942 _cANAM
_2udc
999 _c170403
_d170403